000 00220nam a22000857a 4500
008 160922b xxu||||| |||| 00| 0 eng d
100 _9711
_aGupta.K.etal
245 _aLab-Biology-XII
260 _aNew Delhi
_bAP Publication
_c2012
999 _c3368
_d3368